000 00217nam a22000977a 4500
040 _cHS
082 _a636
100 _aG.R. CARTER
245 _aDiagnostic procedures in veterinary bacteriology and mycology
942 _cEK
999 _c8759
_d8759